000 00267nam a22001217a 4500
003 SGT
082 _a005.73,KAN
100 _aKANETKAR, YASHAVANT
245 _aDATA STRUCTURES THROUGH C
260 _bBPB PUBLICATIONS
_c1990
300 _a300
942 _2ddc
_cGF BOOKS
999 _c34340
_d34340